| 000 | 00542nam a2200229 a 4500 | ||
|---|---|---|---|
| 001 | nice12345678 | ||
| 003 | IN_TiNIC | ||
| 005 | 20260116014942.0 | ||
| 008 | 130523s2002 newa grp 000 0 eng | ||
| 020 |
_a0553260111 _c200 |
||
| 082 | 0 | 0 |
_a808.3 _bLUD |
| 100 | _aLudlum, Robert | ||
| 245 | _aBourne Identity | ||
| 260 |
_aNew York _bBantam Books _c2002 |
||
| 300 | _a535p | ||
| 500 | _aincludes index and biblioraphy | ||
| 650 | _aFiction | ||
| 700 | 1 | _aLudlum, Robert | |
| 902 | _bSRS | ||
| 942 | _cBK | ||
| 999 |
_c17692 _d17692 |
||